000 02059nam a2200229Ia 4500
003 Ost
005 20260507075054.0
008 260507s9999||||xx |||||||||||||| ||und||
020 _a9084303977
040 _cfsecg
041 _aara
082 _a658.33124
100 _aوالترفانيك، بنجهام
_eمؤلف
245 0 _aسيكولوجية المقابلة /
_c بنجهام والترفانيك
260 _aالقاهرة:
_bدار قباء للطباعة و النشر,
_c2002
300 _a316 صفحة؛
_c24 سم
520 _aتجد في هذا الكتاب : الفصل الأول : مبادئ اولية-الفصل الثاني : تعلم المقابلة-الفصل الثالث : مقابلة الطلاب-الفصل الرابع : المقابلة في خدمة التوافق المهني ( التوجيه المهني )-الفصل الخامس : البحث عن وظيفة-الفصل السادس : مقابلة المتقدمين للوظائف-الفصل السابع : الاختبار الشفهي في مكاتب الخدمة المدنية-الفصل الثامن : الاختبار الشفهي ( تكملة ) تدريب القائميين بالمقابلة والباحثيين في الميدان-الفصل التاسع : مقابلة العلم بشا العلاقات بين المستخدم وصاحب العمل-الفصل العاشر : استفتاءات الرأي العام والمسح التجاري الشامل-الفصل الحادي عشر : مقابلة ذوي المشكلات : المقابلة في فن خدمة البشر-الفصل الثاني عشر : مقابلة ذوي المشكلات : العيادة النفسية-الفصل الثالث عشر : المقابلة في الصحافة-الفصل الرابع عشر : المقابلة الخاصة بالشهادة القانونية-الفصل الخامس عشر : الخاتمة
653 _aالتوظيف
653 _aالمقابلة
700 _aفيكتورمور، وبروس
_eمؤلف ثانوي
942 _cكتاب
999 _c42711
_d42711